| 000 | 00559nam a2200157Ia 4500 | ||
|---|---|---|---|
| 001 | 15296 | ||
| 003 | GE_BSU | ||
| 008 | 181216s||||||||xx |||||||||||||| ||und|| | ||
| 040 | _cGE_BSU | ||
| 100 | _aშანშიაშვილი,სანდრო | ||
| 245 | _aრჩეული თხზულებანი 4 ტომად. ტ.4 | ||
| 245 | _bლეგენდები და პოემები | ||
| 653 | _aლეგენდები და პოემები | ||
| 653 | _aრჩეული თხზულებანი | ||
| 942 | _cBK | ||
| 999 |
_c48404 _d48404 |
||